ბათუმის შოთა რუსთაველის სახელმწიფო უნივერსიტეტის ბიბლიოთეკა

კონფლიქტზე მუშაობა : (ბიბ.ჩანაწერი № 58957)

000 -ლიდერი
ფიქსირებული სიგრძის საკონტროლო ველი 01097nam a22002057a 4500
003 - საკონტროლო ნომრის იდენტიფიკატორი
საკონტროლო ველი Ge_BSU
005 - ბოლო ოპერაციის თარიღი და დრო
საკონტროლო ველი 20221024152707.0
008 - ფიქსირებული სიგრძის მონაცემთა ელემენტები - ზოგადი ინფორმაცია
ფიქსირებული სიგრძის საკონტროლო ველი 221024s2002 ge ||||| |||| 00| 0 geo d
020 ## - წიგნის საერთაშორისო სტანდარტული ნომერი
International Standard Book Number 9992837381
041 ## - ენის კოდი
Language code of text/sound track or separate title geo
080 ## - უნივერსალური ათობითი კლასიფიკაციის ინდექსი
Universal Decimal Classification number 316.485 კ-73
245 ## - ცნობა სათაურის შესახებ
Title კონფლიქტზე მუშაობა :
Remainder of title უნარ-ჩვევები და სტრატეგიები /
Statement of responsibility, etc საიმონ ფიშერი, ჯავედ ლუდინი, სტივ უილიამსი და სხვ. ; [მთარგმნ.: ასმათ ლეკიაშვილი].
264 ## - წარმოების, გამოცემის, დისტრიბუციის და სხვა ცნობები
გამოცემის, წარმოების, დისტრიბუციის... ადგილი თბილისი:
გამოცემის, წარმოების, დისტრიბუციის... სახელწოდება მშვიდობის, დემოკრ. და განვ. კავკას. ინ-ტი,
გამოცემის, წარმოების, დისტრიბუციის... თარიღი 2002.
300 ## - ფიზიკური აღწერა
Extent 226 გვ. ;
Other physical details 26 სმ.
653 ## - INDEX TERM--UNCONTROLLED
Uncontrolled term კონფლიქტები
653 ## - INDEX TERM--UNCONTROLLED
Uncontrolled term კონფლიქტის ტრანსფორმაცია
653 ## - INDEX TERM--UNCONTROLLED
Uncontrolled term მშვიდობიანი გზით.
700 ## - ADDED ENTRY--PERSONAL NAME
Personal name ფიშერი, საიმონ
Relator term ავტორი
9 (RLIN) 15492
942 ## - ADDED ENTRY ELEMENTS (KOHA)
Source of classification or shelving scheme
Koha item type წიგნი
ეგზემპლარები
ჩამოწერის სტატუსი დაკარგული ეგზემპლარის სტატუსი კლასიფიკაციის წყარო ან თაროზე გაწყობის სქემა დაზიანების სტატუსი არ გაიცემა მუდმივი მდებარეობა (დაცვის ადგილი) ამჟამინდელი ადგილსამყოფელი თაროზე განთავსების ადგილი შეძენის თარიღი ღირებულება, შესყიდვის ნორმალური ფასი სრული შენახვის შიფრი შტრიხკოდი ბოლო ოპერაციის თარიღი ეგზემპლარის მიმდევრობითი ნომერი (კეტერი?) ფასის ძალაში შესვლის თარიღი ეგზემპლარის სახეობა საჯარო შენიშვნა
          ბათუმის შოთა რუსთაველის სახელმწიფო უნივერსიტეტის მთავარი ბიბლიოთეკა ბათუმის შოთა რუსთაველის სახელმწიფო უნივერსიტეტის მთავარი ბიბლიოთეკა წიგნსაცავი 2022-10-24 20.00 316.485 კ-73 28752 2022-10-24 28752 2022-10-24 წიგნი 20 ლ.